000 00781nam a2200289Ia 4500
001 Z_3499
003 CHAP
008 220113s1988 xx 000 0 und d
010 _a166613
040 _cCHAP
090 _aFolleto 396
100 _aAguilera Hernández, Palemón
_92911
245 _aLa carpa y su cultivo /
_cpor Palemón Aguilera Hernández, Eduardo Zarza Meza y Regina Sánchez Merino
260 _aMexico, D. F. :
_bFondepesca,
_c1988
300 _a43 h. ; ilus.
440 _a
500 _aFotocopía
503 _a
650 _aLa carpa
_9140698
650 _aPiscicultura I. Zarza Meza, Eduardo II. Sánchez Merino, Regina
_9140699
901 _aFolleto 396
902 _aA
910 _a1988
942 _cc14
942 _cc14
999 _c166613
_d166613